000 00521nam a22001577a 4500
999 _c534154
_d534154
020 _qHard Cover.
082 _a660.01
100 _aFatima, Bukhtawar
245 _aDetection of HPV in Ovarian Cancer from Twin Cities of Paksitan /
_cBukhtawar Fatima.
260 _aIslamabad :
_bASAB - NUST,
_c2017.
300 _axii, 54 p. : ill. ;
_c30cm.
942 _2ddc
_cTHE
650 _aHealthcare Biotechnology. MS-Thesis
_919254
700 _aDr. Aneela Javed.
_919355